| 000 | 00425nam a2200157 a 4500 | ||
|---|---|---|---|
| 001 | 4146 | ||
| 003 | CDMR | ||
| 005 | 20130730115023.0 | ||
| 008 | 130130s2008||||||||||||||||||||||||||||d | ||
| 020 | _a9788496855137 | ||
| 040 |
_aCDMR _bcat _cCPC LLEIDA |
||
| 100 |
_92825 _aVirgili, LluĂs |
||
| 245 | 0 | _aBaldomer Gili Roig (1873-1926) L'objectiu del pinzell | |
| 260 |
_aLleida _c2008 _bMuseu d'Art Jaume Morera |
||
| 942 |
_cMON _2ddc |
||
| 999 |
_c4146 _d4146 |
||